Higher algebra, (Record no. 543656)

000 -LEADER
fixed length control field 00469cam a22001451 4500
100 1# - MAIN ENTRY--PERSONAL NAME
Personal name Hall, H. S.
9 (RLIN) 39106
245 00 - TITLE STATEMENT
Title Higher algebra,
Remainder of title a sequel to Elementary algebra for schools.
Statement of responsibility, etc. By H. S. Hall, and S. R. Knight.
250 ## - EDITION STATEMENT
Edition statement 3d ed., rev. and enl.
260 ## - PUBLICATION, DISTRIBUTION, ETC.
Place of publication, distribution, etc. London,
-- New York,
Name of publisher, distributor, etc. Macmillan and co.,
Date of publication, distribution, etc. 1889.
300 ## - PHYSICAL DESCRIPTION
Extent xxii, 557 p.
Dimensions 19 cm.
526 ## - STUDY PROGRAM INFORMATION NOTE
Program name 0
Interest level 0
Reading level 0
Title point value 512_000000000000000_HAL
650 #0 - SUBJECT ADDED ENTRY--TOPICAL TERM
Topical term or geographic name entry element Algebra.
9 (RLIN) 8509
650 #0 - SUBJECT ADDED ENTRY--TOPICAL TERM
Topical term or geographic name entry element MCE
9 (RLIN) 379
942 ## - ADDED ENTRY ELEMENTS (KOHA)
Source of classification or shelving scheme
Koha item type Book
Holdings
Withdrawn status Lost status Source of classification or shelving scheme Damaged status Not for loan Permanent Location Current Location Date acquired Total Checkouts Full call number Barcode Date last seen Price effective from Koha item type
          Military College of Engineering (MCE) Military College of Engineering (MCE) 03/28/2014   512 HAL MCE-29055 03/28/2014 03/14/2021 Book
© 2023 Central Library, National University of Sciences and Technology. All Rights Reserved.